=LDR 00000nam 2200000 4500 =001 INLIS000000000013564 =005 20130612104934 =008 ***********************************Ind** =035 ##$$0010-061300000013564 =041 ##$$a Ind =082 ##$$a 028.55 =090 ##$$a 028.55, sol k =100 ##$$a Soleh, Sari pusparini =245 ##$$a Keajaiban rahim ibu, Sari pusparini =260 ##$$a 2003 $b Bandung =300 ##$$a 30 hlm, Ilus, 28 cm =650 ##$$a Bacaan kanak =850 ##$$a NBPNMAT